5 Biggest Cities in U.S. States that start with letters O - U - Statistics

General Stats
  • This quiz has been taken 206 times
  • The average score is 26 of 50
Answer Stats
Hint Answer % Correct
Oklahoma Oklahoma City
93%
Oregon Portland
92%
Pennsylvania Philadelphia
91%
Utah Salt Lake City
91%
Pennsylvania Pittsburgh
89%
Texas San Antonio
89%
Texas Houston
84%
Ohio Cleveland
83%
Texas Dallas
83%
Texas Austin
82%
Ohio Cincinnati
81%
Ohio Columbus
81%
Tennessee Nashville
81%
Rhode Island Providence
81%
Oregon Salem
76%
Texas Fort Worth
75%
Oklahoma Tulsa
75%
Tennessee Memphis
74%
South Carolina Charleston
69%
South Carolina Columbia
69%
Ohio Toledo
67%
Ohio Akron
66%
Utah Provo
60%
South Dakota Sioux Falls
59%
Oregon Eugene
56%
Tennessee Knoxville
56%
Tennessee Chattanooga
49%
Pennsylvania Allentown
47%
Pennsylvania Erie
44%
Oklahoma Norman
39%
South Dakota Rapid City
36%
Rhode Island Warwick
32%
Utah Orem
29%
Utah West Valley City
29%
Oklahoma Broken Arrow
27%
Tennessee Clarksville
24%
Utah West Jordan
24%
South Carolina North Charleston
23%
Pennsylvania Reading
22%
Rhode Island Cranston
21%
Rhode Island Pawtucket
21%
Oregon Gresham
20%
Rhode Island East Providence
15%
South Dakota Aberdeen
14%
South Carolina Rock Hill
14%
Oregon Hillsboro
13%
Oklahoma Lawton
12%
South Dakota Brookings
9%
South Carolina Mount Pleasant
9%
South Dakota Watertown
7%
No matching quizzes found
Score Distribution
Percent of People with Each Score
Percentile by Number Answered
Your Score History
You have not taken this quiz